Journal of Labor Economics

Bibliographische Detailangaben
Format: Elektronisch Zeitschrift
Sprache:English
Veröffentlicht: The University of Chicago Press
Schlagworte:
Online Zugang:Full text available on JSTOR[1983-01-01 - 2017-10-01]
Off-campus access
LEADER 01043cas a2200217 a 4500
001 AALejournalJSTOR001088
008 230228c9999 xx r poo 0 0eng d
022 |a 0734-306X 
022 |a 1537-5307 
040 |a BD-DhAAL  |c BD-DhAAL 
245 0 0 |h [electronic resource]  |a Journal of Labor Economics 
260 |b The University of Chicago Press 
300 |a 1 online resource 
362 0 |a Vol. 1,  |a no. 1 
500 |a <strong>Off-Campus Access:</strong> Athens ID and Password Required 
500 |a <strong>On-Campus Access:</strong> No User ID or Password Required 
506 |a Electronic access restricted to authorized BRAC University faculty, staff and students 
538 |a Mode of access: Internet 
650 4 |a Business ; Business & Economics ; Economics ; Labor & Employment Relations 
856 4 0 |z Full text available on JSTOR[1983-01-01 - 2017-10-01]  |u https://www.jstor.org/journal/jlaboreconomics 
856 4 0 |z Off-campus access  |u https://go.openathens.net/redirector/bracu.ac.bd?url=https%3A%2F%2Fwww.jstor.org%2Fjournal%2Fjlaboreconomics